[Event "C14"]
[Site "?"]
[Date "2016.08.07"]
[Round "22.5"]
[White "Szczurek, Krzysztof"]
[Black "Ossolinski, Ziemowit"]
[Result "1-0"]
[LiveChessVersion "1.4.8"]
[BlackElo "1550"]
[WhiteElo "1939"]

1. e4 e6 2. c4 c5 3. Nf3 Nc6 4. Nc3 e5 5. d3 d6 6. Be3 g6 7. Qd2 Bg7 8. Nd5 Nge7
9. Bg5 O-O 10. Nf6+ Kh8 11. h4 Bg4 12. Nxg4 f6 13. Bh6 Bxh6 14. Nxh6 Qd7 15. h5
g5 16. g3 a6 17. Bh3 Qc7 18. Nf5 Nxf5 19. Bxf5 b5 20. a3 Na5 21. Qc2 Rab8 22. b4
Nc6 23. bxc5 dxc5 24. cxb5 Rxb5 25. O-O Qf7 26. g4 Ne7 27. Qc4 Qg7 28. Rfb1 Nxf5
29. exf5 Qb7 30. Nd2 Rc8 31. Rxb5 axb5 32. Qe6 Rc6 33. Qe8+ Kg7 34. h6+ Kxh6 35.
Qf8+ Qg7 36. Qxg7+ Kxg7 37. Ne4 c4 38. dxc4 Rxc4 39. f3 Ra4 40. Kf2 b4 41. Nd2
bxa3 42. Nb1 Rf4 43. Rxa3 h5 44. Ra7+ Kg8 45. Kg3 h4+ 46. Kg2 e4 47. fxe4 Rxg4+
48. Kf3 Rg3+ 49. Kf2 Rh3 50. Nd2 Rh2+ 51. Ke3 h3 52. Ra1 Rg2 53. Rh1 g4 54. Nf1
Ra2 55. Kf4 Rg2 56. Ne3 Rf2+ 57. Kxg4 h2 58. Nf1 Re2 59. Kf3 Re1 60. Ng3 Rxh1 61.
Nxh1 Kg7 62. Kg2 Kh6 63. Kxh2 Kh5 64. Ng3+ Kg4 65. Kg2 Kf4 66. Kh3 Kg5 67. Ne2
Kh5 68. Nc3 Kg5 69. Kg3 Kh5 70. Kf4 Kh6 71. e5 Kg7 72. e6 Kf8 73. Nd5 Kg7 74. Ke4
Kf8 75. Nxf6 Ke7 76. Nd5+ Ke8 77. f6 Kf8 78. e7+ Ke8 79. Nc7+ Kd7 80. e8=Q+ Kxc7
81. Qe6 Kd8 82. Qe7+ Kc8 83. f7 Kb8 84. f8=R# 1-0